| 000 | 00540nam a22001577a 4500 | ||
|---|---|---|---|
| 999 |
_c533718 _d533718 |
||
| 003 | NUST | ||
| 005 | 20200116154501.0 | ||
| 008 | 200116b ||||| |||| 00| 0 eng d | ||
| 038 | _aNusrat Nadeem | ||
| 082 | _a519.4 KHI | ||
| 100 |
_a Haroon Khishfa _927682 |
||
| 245 |
_aMS Thesis: Computational Analysis on the Metal-Binding Pterin(MPT) From Cyclic Pyranopterin Monophosphate (CPMP) Molybdenum Cofactor Biosynthesis _cKhishfa Haroon |
||
| 260 |
_aIslamabad _bRCMS NUST _c2019 |
||
| 710 | _4Dr.Uzma Habib [Supervisor] | ||
| 942 |
_2ddc _cTHE |
||